Online Catalogue and eLibrary

A, AA, I E (Record no. 3849)

MARC details
000 -LEADER
fixed length control field 00349nam a2200145Ia 4500
005 - DATE AND TIME OF LATEST TRANSACTION
control field 20250401013949.0
008 - FIXED-LENGTH DATA ELEMENTS--GENERAL INFORMATION
fixed length control field 240331s9999 xx 000 0 und d
082 ## - DDC Classification
Class No. 894
Item Number - Author Mark AAA
100 ## - MAIN ENTRY--PERSONAL NAME
Personal name Voor,T
245 #0 - TITLE STATEMENT
Title A, AA, I E
260 ## - PUBLICATION, DISTRIBUTION, ETC.
Place of publication, distribution, etc. Netherland
Name of publisher, distributor, etc. Ilankkai Kalasarakkulu
Date of publication, distribution, etc. 1994
300 ## - PHYSICAL DESCRIPTION
Extent (e.g. Volumes, Pages etc.) 54 p .,
500 ## - GENERAL NOTE
General note Tamil Pugalita Sanjikai
942 ## - Koha item type (Biblio)
Koha item type Books in Stacks (Lending)
Holdings
Lost status Damaged status Collection code Home library Current library Shelving location Date acquired Full call number Accession Number Item type
    Lending WERC Library WERC Library Social Science Cupboard 03/31/2024 894.811AAA 3009 Books in Stacks (Lending)

© WERC Library